| 000 | 00685nam a2200133Ia 4500 | ||
|---|---|---|---|
| 008 | 220620s9999||||xx |||||||||||||| ||und|| | ||
| 020 | _a9780260000000 | ||
| 100 | _aMilosevic, Tijana | ||
| 245 | 0 |
_aProtecting Children Online? _bCyberbullying Policies of Social Media Companies |
|
| 546 | _aEnglish[eng] | ||
| 650 | _aonline harassment||online platforms||youth||non-governmental organizations||e-safety||self-regulation||children's rights||Facebook||Twitter||Instagram||Snapchat||suicide||child||kids||regulate||law||Internet||bullying||policymaking||free speech||corporate||corporations||bullies||technology | ||
| 856 | _uhttps://doi.org/10.7551/mitpress/11008.001.0001 | ||
| 942 | _cEB | ||
| 999 |
_c27427 _d27427 |
||